Normal view
MARC view
Entry Personal Name
001 - CONTROL NUMBER
- control field: 1235712
003 - CONTROL NUMBER IDENTIFIER
- control field: OSt
005 - DATE AND TIME OF LATEST TRANSACTION
- control field: 20260427102025.0
008 - FIXED-LENGTH DATA ELEMENTS
- fixed length control field: 260427|| aca||aabn | a|a d
040 ## - CATALOGING SOURCE
- Original cataloging agency: OSt
- Transcribing agency: OSt
100 ## - HEADING--PERSONAL NAME
- Personal name: Honigmannn, John J
670 ## - SOURCE DATA FOUND
- Source citation: Work cat.: (OSt)74730: Handbook of Social and Cultural Anthropology, 1997.
